[Event "OP-2020-0-04922"]
[Site "LSS email"]
[Date "2020.02.08"]
[Round "?"]
[White "Buecker, Juergen"]
[Black "Churyaev, Aleksej"]
[Result "1-0"]
[WhiteElo "2459"]
[BlackElo "1075"]
[PlyCount "35"]
[EventDate "2020.02.08"]
[EventType "tourn (corr)"]
[EventRounds "4"]
[EventCountry "GER"]
[SourceTitle "Corr 2022"]
[Source "ChessBase"]
[SourceDate "2021.10.24"]
[SourceVersion "1"]
[SourceVersionDate "2021.10.24"]
[SourceQuality "1"]

1. d4 d5 2. c4 e6 3. Nc3 f5 4. Nf3 Nf6 5. Bf4 c6 6. e3 Nbd7 7. Bd3 Nb6 8. c5 Nbd7 9. 0-0 Be7 10. h3 Nf8 11. b4 b6 12. Ne5 Bb7 13. b5 bxc5 14. bxc6 Bc8 15. Qa4 N8d7 16. cxd7+ Nxd7 17. Bb5 Bf6 18. Bc6 1-0

[Event "OP-2020-0-04922"]
[Site "LSS email"]
[Date "2020.02.08"]
[Round "?"]
[White "Vodicka, Milan"]
[Black "Buecker, Juergen"]
[Result "0-1"]
[WhiteElo "1939"]
[BlackElo "2459"]
[PlyCount "44"]
[EventDate "2020.02.08"]
[EventType "tourn (corr)"]
[EventRounds "4"]
[EventCountry "GER"]
[SourceTitle "Corr 2022"]
[Source "ChessBase"]
[SourceDate "2021.10.24"]
[SourceVersion "1"]
[SourceVersionDate "2021.10.24"]
[SourceQuality "1"]

1. d4 Nf6 2. c4 e6 3. Nc3 Bb4 4. Nf3 0-0 5. g3 Bxc3+ 6. bxc3 b6 7. Bg2 Bb7 8. 0-0 d6 9. a4 Nc6 10. Bg5 Na5 11. Nd2 Bxg2 12. Kxg2 h6 13. Bxf6 Qxf6 14. e4 c5 15. Qf3 Qxf3+ 16. Kxf3 cxd4 17. cxd4 Rfc8 18. Rfc1 Rc7 19. Ra3 Rac8 20. Rac3 Nc6 21. d5 exd5 22. exd5 Nb4 0-1

[Event "OP-2019-0-04824"]
[Site "LSS email"]
[Date "2019.08.13"]
[Round "?"]
[White "Reede, Arvo"]
[Black "Buecker, Juergen"]
[Result "0-1"]
[WhiteElo "1599"]
[BlackElo "2443"]
[PlyCount "40"]
[EventDate "2019.08.07"]
[EventType "tourn (corr)"]
[EventRounds "4"]
[EventCountry "GER"]
[SourceTitle "Corr 2022"]
[Source "ChessBase"]
[SourceDate "2021.10.24"]
[SourceVersion "1"]
[SourceVersionDate "2021.10.24"]
[SourceQuality "1"]

1. c4 Nf6 2. Nc3 g6 3. d4 Bg7 4. e4 d6 5. Nf3 0-0 6. Be2 e5 7. d5 a5 8. Be3 Ng4 9. Bg5 f6 10. Bh4 Nh6 11. Qc2 g5 12. Bg3 g4 13. Nh4 Na6 14. Nf5 Bxf5 15. exf5 Qc8 16. 0-0 Qxf5 17. Bd3 Qh5 18. Bxh7+ Kh8 19. Bg6 Qg5 20. Be4 f5 0-1

[Event "OP-2018-0-04700"]
[Site "LSS email"]
[Date "2018.12.29"]
[Round "?"]
[White "Buecker, Juergen"]
[Black "Vontina, Maria"]
[Result "1-0"]
[WhiteElo "2450"]
[BlackElo "779"]
[PlyCount "61"]
[EventDate "2018.12.23"]
[EventType "tourn (corr)"]
[EventRounds "4"]
[EventCountry "GER"]
[SourceTitle "Corr 2022"]
[Source "ChessBase"]
[SourceDate "2021.10.24"]
[SourceVersion "1"]
[SourceVersionDate "2021.10.24"]
[SourceQuality "1"]

1. d4 Nf6 2. c4 d5 3. Nf3 e6 4. Nc3 Be7 5. Bf4 0-0 6. e3 c6 7. Qc2 Nbd7 8. h3 Nb6 9. b3 dxc4 10. bxc4 Nbd7 11. Be2 Nh5 12. Bh2 Nhf6 13. 0-0 Re8 14. e4 h6 15. e5 Nh7 16. Nd2 Nhf8 17. f4 Ng6 18. Rad1 Nb6 19. Nde4 a6 20. g4 Nf8 21. f5 exf5 22. gxf5 Bg5 23. Nd6 Re7 24. Nce4 Be3+ 25. Kh1 Nh7 26. f6 gxf6 27. Nxf6+ Nxf6 28. exf6 Re8 29. Nxf7 Kxf7 30. Qh7+ Ke6 31. Bg4# 1-0

[Event "OP-2018-0-04700"]
[Site "LSS email"]
[Date "2018.12.29"]
[Round "?"]
[White "Molina, Vicente Andres"]
[Black "Buecker, Juergen"]
[Result "0-1"]
[WhiteElo "630"]
[BlackElo "2450"]
[PlyCount "52"]
[EventDate "2018.12.23"]
[EventType "tourn (corr)"]
[EventRounds "4"]
[EventCountry "GER"]
[SourceTitle "Corr 2022"]
[Source "ChessBase"]
[SourceDate "2021.10.24"]
[SourceVersion "1"]
[SourceVersionDate "2021.10.24"]
[SourceQuality "1"]

1. e4 e5 2. Nf3 Nc6 3. Bb5 a6 4. Ba4 Nf6 5. d3 Bc5 6. 0-0 b5 7. Bb3 d6 8. Be3 Bxe3 9. fxe3 0-0 10. Nbd2 Bg4 11. h3 Bd7 12. d4 Qe7 13. c4 Na5 14. cxb5 Bxb5 15. Rf2 Nxb3 16. axb3 Rfe8 17. dxe5 dxe5 18. Nc4 Nxe4 19. Rc2 Rad8 20. Qe2 Nc5 21. e4 Nxb3 22. Rd1 Rxd1+ 23. Qxd1 Qc5+ 24. Kh1 Bxc4 25. Rxc4 Qxc4 26. Nxe5 Qc1 0-1

[Event "OP-2018-0-04693"]
[Site "LSS email"]
[Date "2018.12.19"]
[Round "?"]
[White "Buecker, Juergen"]
[Black "Vontina, Maria"]
[Result "1-0"]
[WhiteElo "2451"]
[BlackElo "797"]
[PlyCount "43"]
[EventDate "2018.12.14"]
[EventType "tourn (corr)"]
[EventRounds "4"]
[EventCountry "GER"]
[SourceTitle "Corr 2022"]
[Source "ChessBase"]
[SourceDate "2021.10.24"]
[SourceVersion "1"]
[SourceVersionDate "2021.10.24"]
[SourceQuality "1"]

1. d4 Nf6 2. c4 d5 3. Nf3 e6 4. Nc3 Be7 5. Bf4 0-0 6. e3 c6 7. Qc2 Nbd7 8. h3 Nb6 9. b3 dxc4 10. bxc4 Re8 11. Bd3 Nbd7 12. 0-0 Nf8 13. a4 Ng6 14. Bg3 Nh5 15. Bh2 Nf6 16. Rfd1 Bf8 17. Rab1 c5 18. Bxg6 hxg6 19. dxc5 Qa5 20. Rb5 Qa6 21. Ne5 Nd7 22. Nxd7 1-0

[Event "OP-2018-0-04684"]
[Site "LSS email"]
[Date "2018.12.04"]
[Round "?"]
[White "Rivera, Angel"]
[Black "Buecker, Juergen"]
[Result "0-1"]
[WhiteElo "800"]
[BlackElo "2451"]
[PlyCount "162"]
[EventDate "2018.11.26"]
[EventType "tourn (corr)"]
[EventRounds "4"]
[EventCountry "GER"]
[SourceTitle "Corr 2022"]
[Source "ChessBase"]
[SourceDate "2021.10.24"]
[SourceVersion "1"]
[SourceVersionDate "2021.10.24"]
[SourceQuality "1"]

1. d4 Nf6 2. Nc3 d5 3. Nf3 g6 4. e3 Bg7 5. Be2 0-0 6. 0-0 a6 7. b3 c5 8. Bb2 cxd4 9. exd4 Nc6 10. Ne5 Qc7 11. Re1 b5 12. Qd2 Bb7 13. Nxc6 Bxc6 14. f3 b4 15. Nd1 a5 16. Bf1 e6 17. a3 bxa3 18. Bxa3 Rfc8 19. Ne3 h5 20. Reb1 Nd7 21. c3 e5 22. c4 exd4 23. Nxd5 Bxd5 24. cxd5 Ne5 25. Bb2 Rd8 26. h3 Rxd5 27. f4 Bh6 28. Re1 Nc6 29. g3 Rad8 30. Bc4 Rf5 31. Qg2 h4 32. gxh4 Kg7 33. Re4 Rxf4 34. Rf1 Rxf1+ 35. Kxf1 Qc8 36. Qf3 Qf5 37. Be2 f6 38. Qxf5 gxf5 39. Re6 Ne5 40. Bh5 Bd2 41. Re7+ Kh6 42. Re8 Rxe8 43. Bxe8 Be3 44. Ba3 d3 45. Bf8+ Kh7 46. Bd6 Nf3 47. Bc7 Nd2+ 48. Ke1 Nxb3 49. Bd7 f4 50. Bf5+ Kh6 51. Bxd3 f3 52. Bg3 a4 53. Bc2 Nd2 54. Bxa4 Ne4 55. Bd1 Bd2+ 56. Kf1 Nxg3+ 57. Kf2 Nf5 58. Kxf3 Nxh4+ 59. Ke4 f5+ 60. Kd5 Kg5 61. Bc2 f4 62. Bd1 f3 63. Ke4 f2 64. Be2 Bf4 65. Ba6 Bg3 66. Bb5 Ng6 67. Bf1 Kh4 68. Ke3 Nf4 69. Kd2 Nxh3 70. Ke3 Bd6 71. Kf3 Bc5 72. Bd3 Ng5+ 73. Kg2 Kg4 74. Ba6 Kf4 75. Bf1 Ke3 76. Ba6 Nf3 77. Kf1 Nd4 78. Kg2 Be7 79. Bd3 Bh4 80. Ba6 Kd2 81. Kf1 Kd1 0-1

[Event "OP-2018-0-04684"]
[Site "LSS email"]
[Date "2018.12.04"]
[Round "?"]
[White "Shim Ng Min, Francis"]
[Black "Buecker, Juergen"]
[Result "0-1"]
[WhiteElo "1245"]
[BlackElo "2451"]
[PlyCount "40"]
[EventDate "2018.11.26"]
[EventType "tourn (corr)"]
[EventRounds "4"]
[EventCountry "GER"]
[SourceTitle "Corr 2022"]
[Source "ChessBase"]
[SourceDate "2021.10.24"]
[SourceVersion "1"]
[SourceVersionDate "2021.10.24"]
[SourceQuality "1"]

1. e4 e5 2. Nf3 Nc6 3. Bc4 Nf6 4. d3 Bc5 5. Nc3 h6 6. a3 0-0 7. 0-0 a6 8. h3 d6 9. Nd5 Be6 10. Nxf6+ Qxf6 11. Bxe6 Qxe6 12. c3 f5 13. Qe2 fxe4 14. dxe4 a5 15. Be3 Bxe3 16. Qxe3 a4 17. Nd2 Nd8 18. Qd3 Qg6 19. Qc4+ Kh7 20. Qxc7 Ne6 0-1

[Event "OP-2018-0-04679"]
[Site "LSS email"]
[Date "2018.11.26"]
[Round "?"]
[White "Buecker, Juergen"]
[Black "Firnhaber, Ingo"]
[Result "1/2-1/2"]
[WhiteElo "2451"]
[BlackElo "2378"]
[PlyCount "69"]
[EventDate "2018.11.21"]
[EventType "tourn (corr)"]
[EventRounds "4"]
[EventCountry "GER"]
[SourceTitle "Corr 2022"]
[Source "ChessBase"]
[SourceDate "2021.10.24"]
[SourceVersion "1"]
[SourceVersionDate "2021.10.24"]
[SourceQuality "1"]

1. d4 Nf6 2. c4 e6 3. Nf3 d5 4. Nc3 c6 5. e3 Nbd7 6. Bd3 dxc4 7. Bxc4 b5 8. Bd3 Bb7 9. 0-0 a6 10. e4 c5 11. d5 Qc7 12. dxe6 fxe6 13. Ng5 Qc6 14. Qe2 c4 15. Bc2 Bc5 16. b4 Bd4 17. Bb2 e5 18. Nf3 Nf8 19. Nxd4 exd4 20. Nd5 d3 21. Bxd3 cxd3 22. Qxd3 Nxd5 23. exd5 Qxd5 24. Qg3 0-0-0 25. Rac1+ Bc6 26. Rc5 Qd6 27. Be5 Qe6 28. Rfc1 Kb7 29. f4 Rc8 30. Qxg7+ Nd7 31. Rxc6 Rxc6 32. Rxc6 Qxc6 33. Qxh8 Qc1+ 34. Kf2 Qc2+ 35. Ke3 1/2-1/2

[Event "OP-2018-0-04679"]
[Site "LSS email"]
[Date "2018.11.26"]
[Round "?"]
[White "Buecker, Juergen"]
[Black "Heiser, Jerome"]
[Result "1-0"]
[WhiteElo "2451"]
[BlackElo "585"]
[PlyCount "47"]
[EventDate "2018.11.21"]
[EventType "tourn (corr)"]
[EventRounds "4"]
[EventCountry "GER"]
[SourceTitle "Corr 2022"]
[Source "ChessBase"]
[SourceDate "2021.10.24"]
[SourceVersion "1"]
[SourceVersionDate "2021.10.24"]
[SourceQuality "1"]

1. d4 d5 2. c4 e6 3. Nc3 Nc6 4. Nf3 Bb4 5. e3 Nf6 6. Bd3 h6 7. 0-0 Bxc3 8. bxc3 0-0 9. Re1 Ne4 10. cxd5 Nxc3 11. Qd2 Nxd5 12. e4 Nb6 13. e5 f6 14. exf6 Rxf6 15. Ne5 Nd7 16. Ng4 Rf8 17. Nxh6+ Kh8 18. Re3 Rf6 19. Rh3 gxh6 20. Rxh6+ Kg7 21. Qg5+ Kf7 22. Rh7+ Ke8 23. Qg8+ Nf8 24. Bg6+ 1-0

[Event "OP-2018-0-04679"]
[Site "LSS email"]
[Date "2018.11.26"]
[Round "?"]
[White "Vontina, Maria"]
[Black "Buecker, Juergen"]
[Result "0-1"]
[WhiteElo "876"]
[BlackElo "2451"]
[PlyCount "56"]
[EventDate "2018.11.21"]
[EventType "tourn (corr)"]
[EventRounds "4"]
[EventCountry "GER"]
[SourceTitle "Corr 2022"]
[Source "ChessBase"]
[SourceDate "2021.10.24"]
[SourceVersion "1"]
[SourceVersionDate "2021.10.24"]
[SourceQuality "1"]

1. e4 e5 2. Nf3 Nc6 3. Bb5 a6 4. Ba4 Nf6 5. 0-0 b5 6. Bb3 Bb7 7. Re1 Bc5 8. d3 d6 9. c3 h6 10. Nbd2 0-0 11. Nf1 Ne7 12. h3 Ng6 13. Ng3 Re8 14. Nf5 d5 15. Ng3 Bb6 16. Qe2 c5 17. exd5 Nxd5 18. Qd1 Qd7 19. Ne4 Ndf4 20. Kh2 Nxd3 21. Re2 c4 22. Bc2 f5 23. Ng3 Bxf3 24. gxf3 Nh4 25. f4 exf4 26. Rxe8+ Rxe8 27. Bxf4 Qc6 28. Qh1 Nf3+ 0-1

[Event "OP-2018-0-04568"]
[Site "LSS email"]
[Date "2018.04.13"]
[Round "?"]
[White "Buecker, Juergen"]
[Black "Vontina, Maria"]
[Result "1-0"]
[WhiteElo "2457"]
[BlackElo "901"]
[PlyCount "43"]
[EventDate "2018.04.06"]
[EventType "tourn (corr)"]
[EventRounds "4"]
[EventCountry "GER"]
[SourceTitle "Corr 2022"]
[Source "ChessBase"]
[SourceDate "2021.10.24"]
[SourceVersion "1"]
[SourceVersionDate "2021.10.24"]
[SourceQuality "1"]

1. d4 Nf6 2. c4 d5 3. Nf3 e6 4. Nc3 Be7 5. Bf4 0-0 6. e3 c6 7. h3 Nbd7 8. c5 Nh5 9. Bh2 h6 10. Be2 Nhf6 11. Qa4 Re8 12. 0-0 Nf8 13. b4 Bd7 14. Qc2 Ng6 15. Bd3 Nf8 16. a4 Bc8 17. b5 Bd7 18. a5 a6 19. bxa6 bxa6 20. Na4 Ra7 21. Ne5 N8h7 22. Nb6 1-0

[Event "OP-2018-0-04568"]
[Site "LSS email"]
[Date "2018.04.13"]
[Round "?"]
[White "Stancl, Vladimir"]
[Black "Buecker, Juergen"]
[Result "1/2-1/2"]
[WhiteElo "2007"]
[BlackElo "2457"]
[PlyCount "63"]
[EventDate "2018.04.06"]
[EventType "tourn (corr)"]
[EventRounds "4"]
[EventCountry "GER"]
[SourceTitle "Corr 2022"]
[Source "ChessBase"]
[SourceDate "2021.10.24"]
[SourceVersion "1"]
[SourceVersionDate "2021.10.24"]
[SourceQuality "1"]

1. e4 e5 2. Nf3 Nc6 3. Bc4 Nf6 4. d3 Bc5 5. c3 d6 6. h3 a6 7. b4 Ba7 8. 0-0 0-0 9. a4 Ne7 10. Nbd2 c6 11. Re1 d5 12. Bb3 Ng6 13. exd5 Nxd5 14. Ne4 h6 15. Bd2 Bf5 16. Ng3 Bxd3 17. Bxh6 e4 18. Bg5 Qb6 19. Be3 Nxe3 20. Rxe3 Qd8 21. Nd4 Re8 22. Qh5 Bxd4 23. cxd4 Qxd4 24. Rd1 Qb2 25. Qxg6 Qxb3 26. Qg4 Re6 27. Nxe4 f5 28. Nf6+ Rxf6 29. Qf3 Qxa4 30. Rdxd3 Rf7 31. Rd4 Qa1+ 32. Rd1 1/2-1/2

[Event "OP-2018-0-04556"]
[Site "LSS email"]
[Date "2018.03.25"]
[Round "?"]
[White "Strnad, Pavel"]
[Black "Buecker, Juergen"]
[Result "0-1"]
[WhiteElo "476"]
[BlackElo "2457"]
[PlyCount "51"]
[EventDate "2018.03.17"]
[EventType "tourn (corr)"]
[EventRounds "4"]
[EventCountry "GER"]
[SourceTitle "Corr 2022"]
[Source "ChessBase"]
[SourceDate "2021.10.24"]
[SourceVersion "1"]
[SourceVersionDate "2021.10.24"]
[SourceQuality "1"]

1. e4 e5 2. Nf3 Nc6 3. Bb5 a6 4. Ba4 Nf6 5. Nc3 Be7 6. 0-0 b5 7. Bb3 d6 8. h3 Na5 9. d4 exd4 10. Nxd4 c5 11. Nf3 c4 12. Bxc4 Nxc4 13. b3 Ne5 14. Nxe5 dxe5 15. Bg5 Bb7 16. Qxd8+ Rxd8 17. Bxf6 Bxf6 18. Rad1 Ke7 19. Rfe1 Ke6 20. f3 Rc8 21. Rd3 Rhd8 22. Red1 Rxd3 23. Rxd3 Be7 24. Kf2 Bb4 25. Ne2 Rxc2 26. Kg3 0-1

[Event "OP-2018-0-04542"]
[Site "LSS email"]
[Date "2018.03.08"]
[Round "?"]
[White "Nesbit, Andres"]
[Black "Buecker, Juergen"]
[Result "0-1"]
[WhiteElo "1463"]
[BlackElo "2455"]
[PlyCount "68"]
[EventDate "2018.02.27"]
[EventType "tourn (corr)"]
[EventRounds "4"]
[EventCountry "GER"]
[SourceTitle "Corr 2022"]
[Source "ChessBase"]
[SourceDate "2021.10.24"]
[SourceVersion "1"]
[SourceVersionDate "2021.10.24"]
[SourceQuality "1"]

1. d4 Nf6 2. c4 g6 3. Nc3 Bg7 4. e4 d6 5. f4 0-0 6. Nf3 c5 7. d5 e6 8. dxe6 fxe6 9. Bd3 Nc6 10. 0-0 Nd4 11. Nxd4 cxd4 12. Nb5 Ne8 13. Bd2 a6 14. Na3 Nf6 15. Nc2 Nd7 16. b4 a5 17. a3 b6 18. Qg4 Kh8 19. Rae1 e5 20. f5 gxf5 21. exf5 Nf6 22. Qh4 axb4 23. Nxb4 Rxa3 24. g4 Rxd3 25. Nxd3 Nxg4 26. Qxd8 Rxd8 27. h3 Nf6 28. Nb4 Bb7 29. Ra1 Ne4 30. Be1 Rg8 31. Kh2 Bf6 32. Ra7 Nc5 33. Bg3 e4 34. Bxd6 e3 0-1

[Event "OP-2018-0-04538"]
[Site "LSS email"]
[Date "2018.02.28"]
[Round "?"]
[White "Firnhaber, Ingo"]
[Black "Buecker, Juergen"]
[Result "1/2-1/2"]
[WhiteElo "2398"]
[BlackElo "2455"]
[PlyCount "72"]
[EventDate "2018.02.22"]
[EventType "tourn (corr)"]
[EventRounds "4"]
[EventCountry "GER"]
[SourceTitle "Corr 2022"]
[Source "ChessBase"]
[SourceDate "2021.10.24"]
[SourceVersion "1"]
[SourceVersionDate "2021.10.24"]
[SourceQuality "1"]

1. e4 e5 2. Nf3 Nc6 3. Bb5 a6 4. Ba4 Nf6 5. 0-0 b5 6. Bb3 Bb7 7. d3 Be7 8. c4 0-0 9. Nc3 bxc4 10. Bxc4 d6 11. a3 Nd4 12. Be3 c5 13. Rb1 Bc8 14. h3 a5 15. Bg5 Nc6 16. Qa4 Bb7 17. Bxf6 Bxf6 18. Bd5 Qc8 19. Nd2 Ne7 20. Bxb7 Qxb7 21. Qb5 Qc7 22. Qc4 Qd7 23. Qa4 Qxa4 24. Nxa4 Nc6 25. Nb6 Ra7 26. Ndc4 Rb8 27. Nd5 Rd7 28. g3 Bd8 29. Rbc1 g6 30. h4 Nd4 31. Kg2 Kg7 32. f3 Rb3 33. Rc3 Rb5 34. Rcc1 Rb3 35. Rc3 Rb8 36. Rcc1 Rb3 1/2-1/2

[Event "OP-2018-0-04538"]
[Site "LSS email"]
[Date "2018.02.28"]
[Round "?"]
[White "Stancl, Vladimir"]
[Black "Buecker, Juergen"]
[Result "0-1"]
[WhiteElo "1956"]
[BlackElo "2455"]
[PlyCount "78"]
[EventDate "2018.02.22"]
[EventType "tourn (corr)"]
[EventRounds "4"]
[EventCountry "GER"]
[SourceTitle "Corr 2022"]
[Source "ChessBase"]
[SourceDate "2021.10.24"]
[SourceVersion "1"]
[SourceVersionDate "2021.10.24"]
[SourceQuality "1"]

1. d4 Nf6 2. c4 g6 3. Nc3 Bg7 4. e4 d6 5. Nf3 0-0 6. h3 e5 7. d5 a5 8. Bg5 Na6 9. g4 c6 10. Be2 Bd7 11. Nd2 Nc5 12. Be3 a4 13. f3 b5 14. dxc6 b4 15. Nd5 Bxc6 16. Nxb4 Bb7 17. 0-0 Ne6 18. Rf2 Nd7 19. Rh2 Nd4 20. Nd5 f5 21. gxf5 gxf5 22. Rg2 Kh8 23. Kh2 Rg8 24. exf5 Bxd5 25. cxd5 Nxf5 26. Qg1 a3 27. b3 Qe7 28. Ne4 Bf6 29. Bd2 Bh4 30. Bg5 Bxg5 31. Rxg5 Nd4 32. Rxg8+ Rxg8 33. Qf2 Nf6 34. Rf1 Qg7 35. Re1 Qh6 36. Nxf6 Qxf6 37. f4 Qxf4+ 38. Qxf4 exf4 39. Bd1 Rg3 0-1

[Event "OP-2018-0-04518"]
[Site "LSS email"]
[Date "2018.01.24"]
[Round "?"]
[White "Buecker, Juergen"]
[Black "Dlugolecki, Grzegorz"]
[Result "1-0"]
[WhiteElo "2453"]
[BlackElo "1690"]
[PlyCount "87"]
[EventDate "2018.01.18"]
[EventType "tourn (corr)"]
[EventRounds "4"]
[EventCountry "GER"]
[SourceTitle "Corr 2022"]
[Source "ChessBase"]
[SourceDate "2021.10.24"]
[SourceVersion "1"]
[SourceVersionDate "2021.10.24"]
[SourceQuality "1"]

1. d4 d5 2. c4 e6 3. Nc3 c5 4. cxd5 exd5 5. Nf3 Nf6 6. Bg5 Be6 7. e3 a6 8. Be2 Nbd7 9. 0-0 Be7 10. dxc5 Nxc5 11. Nd4 Rc8 12. Rc1 0-0 13. Bf3 b5 14. Nce2 Re8 15. Nf4 b4 16. Qe2 h6 17. Bxf6 Bxf6 18. Ndxe6 fxe6 19. Rfd1 g5 20. Nh5 Be5 21. Qc2 Ne4 22. Qb1 Rxc1 23. Rxc1 Qa8 24. Bxe4 dxe4 25. Rc5 Bd6 26. Rc4 Rf8 27. Qc2 Qb7 28. Rc6 Be5 29. Qxe4 Qf7 30. f4 Qxh5 31. Qxe5 Qd1+ 32. Kf2 Qd2+ 33. Kg3 Qe1+ 34. Kg4 Qd1+ 35. Kh3 Qh5+ 36. Kg3 Qh4+ 37. Kf3 Qh5+ 38. Kf2 Qh4+ 39. Kf1 Qg4 40. h3 Qd1+ 41. Kf2 Qd2+ 42. Kg3 gxf4+ 43. exf4 Qd3+ 44. Kh2 1-0

[Event "OP-2018-0-04518"]
[Site "LSS email"]
[Date "2018.01.24"]
[Round "?"]
[White "Klawitter, Bernd"]
[Black "Buecker, Juergen"]
[Result "0-1"]
[WhiteElo "889"]
[BlackElo "2453"]
[PlyCount "38"]
[EventDate "2018.01.18"]
[EventType "tourn (corr)"]
[EventRounds "4"]
[EventCountry "GER"]
[SourceTitle "Corr 2022"]
[Source "ChessBase"]
[SourceDate "2021.10.24"]
[SourceVersion "1"]
[SourceVersionDate "2021.10.24"]
[SourceQuality "1"]

1. f4 d5 2. Nf3 g6 3. e3 Bg7 4. Be2 Nf6 5. 0-0 0-0 6. d4 c5 7. c3 b6 8. Kh1 Bb7 9. Ne5 Ne4 10. Nd2 Nd6 11. Bf3 Qc7 12. dxc5 bxc5 13. Nb3 e6 14. Qe2 f6 15. Ng4 Ba6 16. Qf2 Ne4 17. Bxe4 dxe4 18. Rd1 h5 19. Nxf6+ Bxf6 0-1

[Event "OP-2018-0-04502"]
[Site "LSS email"]
[Date "2018.01.02"]
[Round "?"]
[White "Buecker, Juergen"]
[Black "Vontina, Maria"]
[Result "1-0"]
[WhiteElo "2451"]
[BlackElo "804"]
[PlyCount "41"]
[EventDate "2017.12.25"]
[EventType "tourn (corr)"]
[EventRounds "4"]
[EventCountry "GER"]
[SourceTitle "Corr 2022"]
[Source "ChessBase"]
[SourceDate "2021.10.24"]
[SourceVersion "1"]
[SourceVersionDate "2021.10.24"]
[SourceQuality "1"]

1. e4 e6 2. d4 d5 3. Nc3 Bb4 4. e5 c5 5. a3 Bxc3+ 6. bxc3 Nc6 7. Qg4 Nge7 8. Qxg7 Rg8 9. Qxh7 cxd4 10. f4 dxc3 11. Nf3 Bd7 12. Ng5 Rf8 13. Rb1 Qc7 14. Bd3 a6 15. 0-0 b5 16. Be3 d4 17. Bf2 Qa5 18. Rfe1 Qxa3 19. Ra1 Qc5 20. Ne4 Qd5 21. Nf6+ 1-0

[Event "OP-2018-0-04502"]
[Site "LSS email"]
[Date "2018.01.02"]
[Round "?"]
[White "Caviglia, Maximiliano"]
[Black "Buecker, Juergen"]
[Result "0-1"]
[WhiteElo "911"]
[BlackElo "2451"]
[PlyCount "48"]
[EventDate "2017.12.25"]
[EventType "tourn (corr)"]
[EventRounds "4"]
[EventCountry "GER"]
[SourceTitle "Corr 2022"]
[Source "ChessBase"]
[SourceDate "2021.10.24"]
[SourceVersion "1"]
[SourceVersionDate "2021.10.24"]
[SourceQuality "1"]

1. d4 Nf6 2. c4 e6 3. Nc3 Bb4 4. Qc2 0-0 5. f3 d5 6. c5 Re8 7. a3 Bxc3+ 8. Qxc3 Nc6 9. e3 e5 10. Kf2 e4 11. f4 Ng4+ 12. Ke1 Re6 13. g3 Rg6 14. Bh3 Ne7 15. b4 b6 16. Bb2 h5 17. Kd2 Nf2 18. Bg2 Nxh1 19. Bxh1 h4 20. Ne2 Bg4 21. Rg1 Nf5 22. Qc1 Bxe2 23. Kxe2 hxg3 24. Qe1 Qh4 0-1

[Event "OP-2017-0-04498"]
[Site "LSS email"]
[Date "2017.12.26"]
[Round "?"]
[White "Kuttner, Jaromir"]
[Black "Buecker, Juergen"]
[Result "0-1"]
[WhiteElo "848"]
[BlackElo "2451"]
[PlyCount "60"]
[EventDate "2017.12.16"]
[EventType "tourn (corr)"]
[EventRounds "4"]
[EventCountry "GER"]
[SourceTitle "Corr 2022"]
[Source "ChessBase"]
[SourceDate "2021.10.24"]
[SourceVersion "1"]
[SourceVersionDate "2021.10.24"]
[SourceQuality "1"]

1. e4 e5 2. Nf3 Nc6 3. Bc4 Bc5 4. b4 Bxb4 5. c3 Ba5 6. d4 exd4 7. 0-0 Nge7 8. cxd4 d5 9. exd5 Nxd5 10. Qb3 Be6 11. Ba3 Rb8 12. Rd1 Bb4 13. Bxb4 Ncxb4 14. a3 Nc6 15. Nc3 Nxc3 16. Qxc3 Bxc4 17. Qxc4 0-0 18. Ne5 Nxe5 19. dxe5 Qe7 20. f4 Rbd8 21. a4 c5 22. a5 Qc7 23. a6 b6 24. e6 fxe6 25. Qxe6+ Qf7 26. Qxf7+ Kxf7 27. Kf2 c4 28. Rab1 Rxd1 29. Rxd1 Ke7 30. Ke3 Rd8 0-1